[Event "BL2-Nord 2122"]
[Site "Germany"]
[Date "2022.05.15"]
[Round "6.3"]
[White "Lauber, Arnd"]
[Black "Gutman, Lev"]
[Result "1-0"]
[WhiteElo "2411"]
[BlackElo "2365"]
[PlyCount "47"]
[EventDate "2022.03.05"]
[EventType "team-tourn"]
[EventRounds "10"]
[EventCountry "GER"]
[SourceTitle "EXT 2023"]
[Source "ChessBase"]
[SourceDate "2022.10.05"]
[SourceVersion "1"]
[SourceVersionDate "2022.10.05"]
[SourceQuality "1"]
[WhiteTeam "Berlin SF II"]
[BlackTeam "Lingen"]
[WhiteTeamCountry "GER"]
[BlackTeamCountry "GER"]

1. d4 Nf6 2. c4 g6 3. Nc3 d5 4. Nf3 Bg7 5. Bf4 0-0 6. Rc1 c6 7. e3 Be6 8. Ng5 Bg4 9. Qb3 h6 10. Nf3 Bxf3 11. gxf3 Nh5 12. Bxb8 dxc4 13. Qxb7 Rxb8 14. Qxc6 e6 15. Bxc4 Rc8 16. Qa6 Qg5 17. Ne4 Qh4 18. Ke2 Bxd4 19. exd4 Nf4+ 20. Kd2 Nd5 21. Qa3 Rxc4 22. Rxc4 f5 23. Ng3 Nb6 24. Rc2 1-0

[Event "Titled Tuesday intern op 22nd Sept"]
[Site "Chess.com INT"]
[Date "2020.09.22"]
[Round "8"]
[White "Manukyan, Artyom"]
[Black "Gutman, Lev"]
[Result "0-1"]
[WhiteElo "2148"]
[BlackElo "2393"]
[PlyCount "68"]
[EventDate "2020.09.22"]
[EventType "swiss (blitz)"]
[EventRounds "10"]
[EventCountry "USA"]
[SourceTitle "CBM 198 Extra"]
[Source "ChessBase"]
[SourceDate "2020.11.30"]
[SourceVersion "1"]
[SourceVersionDate "2020.11.30"]
[SourceQuality "1"]

1. e4 c5 2. Nc3 d6 3. f4 g6 4. Nf3 Bg7 5. Bc4 Nc6 6. 0-0 Be6 7. Bxe6 fxe6 8. d3 Qd7 9. Be3 Nf6 10. h3 0-0 11. Qe1 Nh5 12. Nd2 Nd4 13. Rc1 Rac8 14. Kh2 b5 15. Ne2 Nxe2 16. Qxe2 Bxb2 17. Rb1 Bg7 18. g4 Nf6 19. Nf3 c4 20. Qf2 cxd3 21. cxd3 a6 22. Bd4 e5 23. fxe5 dxe5 24. Bxe5 Nxg4+ 25. hxg4 Bxe5+ 26. Kh1 Bg7 27. Qg2 Qxd3 28. Rbe1 Rc2 29. Qh3 Be5 30. g5 Rh2+ 31. Qxh2 Bxh2 32. Nxh2 Rxf1+ 33. Nxf1 b4 34. Re3 Qxf1+ 0-1

[Event "Bad Woerishofen op 36th"]
[Site "Bad Woerishofen"]
[Date "2020.03.08"]
[Round "3"]
[White "Felgendreher, Heiko"]
[Black "Gutman, Lev"]
[Result "1-0"]
[WhiteElo "2186"]
[BlackElo "2406"]
[PlyCount "75"]
[EventDate "2020.03.06"]
[EventType "swiss"]
[EventRounds "9"]
[EventCountry "GER"]
[SourceTitle "CBM 195 Extra"]
[Source "ChessBase"]
[SourceDate "2020.05.31"]
[SourceVersion "1"]
[SourceVersionDate "2020.05.31"]
[SourceQuality "1"]

1. e4 c5 2. Nf3 d6 3. d4 cxd4 4. Nxd4 Nf6 5. Nc3 Nc6 6. Bg5 e6 7. Qd2 Qb6 8. Nb3 a6 9. 0-0-0 Bd7 10. Kb1 Qc7 11. f4 Be7 12. Bxf6 gxf6 13. f5 Ne5 14. Nd4 b5 15. fxe6 fxe6 16. Be2 0-0 17. Rde1 Kh8 18. Bh5 Qc5 19. Nce2 Rg8 20. Nf4 Nc4 21. Qd3 e5 22. Nb3 Qc8 23. Nd5 Qf8 24. g3 Bd8 25. Nd2 Nb6 26. Nf1 Na4 27. Qd2 f5 28. h4 Nc5 29. exf5 Qxf5 30. g4 Qe6 31. Nfe3 Bc6 32. Ref1 Ne4 33. Qd3 Nf6 34. Rd1 Nxh5 35. gxh5 Rf8 36. Rhf1 Rxf1 37. Rxf1 Bxh4 38. Nc7 1-0

[Event "Bad Woerishofen op 36th"]
[Site "Bad Woerishofen"]
[Date "2020.03.07"]
[Round "2"]
[White "Gutman, Lev"]
[Black "Kuipers, Dustin"]
[Result "1-0"]
[WhiteElo "2406"]
[BlackElo "2155"]
[PlyCount "43"]
[EventDate "2020.03.06"]
[EventType "swiss"]
[EventRounds "9"]
[EventCountry "GER"]
[SourceTitle "CBM 195 Extra"]
[Source "ChessBase"]
[SourceDate "2020.05.31"]
[SourceVersion "1"]
[SourceVersionDate "2020.05.31"]
[SourceQuality "1"]

1. Nf3 d5 2. g3 c5 3. Bg2 Nf6 4. 0-0 Nc6 5. d4 cxd4 6. Nxd4 e5 7. Nxc6 bxc6 8. c4 Be6 9. Nc3 Rc8 10. cxd5 cxd5 11. Bg5 d4 12. Ne4 Be7 13. Nxf6+ gxf6 14. Bh6 Qb6 15. Rc1 Rxc1 16. Qxc1 Kd7 17. Qc2 Qa6 18. f4 Rc8 19. Qe4 Rc5 20. fxe5 fxe5 21. b4 Bd5 22. Bh3+ 1-0

[Event "Paderborn op 16th"]
[Site "Paderborn"]
[Date "2019.12.28"]
[Round "3"]
[White "Gutman, Lev"]
[Black "Gulatz, Maurice"]
[Result "1-0"]
[WhiteElo "2393"]
[BlackElo "2185"]
[PlyCount "114"]
[EventDate "2019.12.27"]
[EventType "swiss"]
[EventRounds "7"]
[EventCountry "GER"]
[SourceTitle "CBM 194 Extra"]
[Source "ChessBase"]
[SourceDate "2020.03.31"]
[SourceVersion "1"]
[SourceVersionDate "2020.03.31"]
[SourceQuality "1"]

1. Nf3 Nf6 2. g3 d5 3. Bg2 e6 4. 0-0 Be7 5. d4 0-0 6. c4 dxc4 7. Qc2 a6 8. Qxc4 b5 9. Qc2 Bb7 10. Bg5 Nbd7 11. Bxf6 Nxf6 12. Nbd2 Rc8 13. Nb3 Be4 14. Qc3 Nd5 15. Qc1 c5 16. dxc5 Qc7 17. Qd2 Bxc5 18. Rac1 Qb6 19. Nxc5 Rxc5 20. Qd4 Rxc1 21. Rxc1 Qxd4 22. Nxd4 Bxg2 23. Kxg2 Ra8 24. Nc6 Kf8 25. Na5 Ke8 26. a3 Kd7 27. Rc6 Ra7 28. e4 Ne7 29. Rc3 e5 30. Rd3+ Ke6 31. Rd8 Rd7 32. Ra8 Rd6 33. Nb7 Rb6 34. Nc5+ Kd6 35. b4 Nc6 36. Nxa6 Rb7 37. f4 f6 38. Nc5 Ra7 39. Rxa7 Nxa7 40. Kf3 Nc6 41. Nb3 Na7 42. Ke3 Nc8 43. Kd3 Nb6 44. Nd2 Ke6 45. Kc3 g5 46. f5+ Kd6 47. Nf1 h5 48. Nd2 Na4+ 49. Kb3 Kc6 50. Nb1 Nb6 51. Nc3 Nc4 52. a4 Ne3 53. axb5+ Kd6 54. Ka4 g4 55. Ka5 Kc7 56. Ka6 Kb8 57. b6 Nf1 1-0

[Event "Heusenstamm Sparkassen op-A 6th"]
[Site "Heusenstamm"]
[Date "2019.11.24"]
[Round "6"]
[White "Grabowski, Pawel"]
[Black "Gutman, Lev"]
[Result "0-1"]
[WhiteElo "2271"]
[BlackElo "2407"]
[PlyCount "58"]
[EventDate "2019.11.21"]
[EventType "swiss"]
[EventRounds "7"]
[EventCountry "GER"]
[SourceTitle "CBM 193 Extra"]
[Source "ChessBase"]
[SourceDate "2020.01.31"]
[SourceVersion "1"]
[SourceVersionDate "2020.01.31"]
[SourceQuality "1"]

1. d4 Nf6 2. Nf3 g6 3. c4 Bg7 4. Nc3 d5 5. cxd5 Nxd5 6. e4 Nxc3 7. bxc3 c5 8. Be3 Qa5 9. Qd2 Nd7 10. Rc1 0-0 11. Bd3 Nb6 12. 0-0 Bg4 13. Rfd1 Na4 14. h3 Bxf3 15. gxf3 Rac8 16. e5 cxd4 17. cxd4 Qxd2 18. Bxd2 Nb2 19. Be4 Nxd1 20. Rxd1 Rc7 21. f4 f6 22. Be3 b6 23. Kg2 Bh6 24. Kg3 Rd8 25. e6 f5 26. Bf3 Bg7 27. d5 Rd6 28. Bc1 Rc3 29. Bb2 Rxf3+ 0-1

[Event "Heusenstamm Sparkassen op-A 6th"]
[Site "Heusenstamm"]
[Date "2019.11.23"]
[Round "5"]
[White "Gutman, Lev"]
[Black "Hinrichs, Niklas"]
[Result "1-0"]
[WhiteElo "2407"]
[BlackElo "2105"]
[PlyCount "111"]
[EventDate "2019.11.21"]
[EventType "swiss"]
[EventRounds "7"]
[EventCountry "GER"]
[SourceTitle "CBM 193 Extra"]
[Source "ChessBase"]
[SourceDate "2020.01.31"]
[SourceVersion "1"]
[SourceVersionDate "2020.01.31"]
[SourceQuality "1"]

1. Nf3 d5 2. g3 Nf6 3. Bg2 Bg4 4. 0-0 c6 5. d4 Nbd7 6. c4 e6 7. h3 Bf5 8. cxd5 exd5 9. Qb3 Qb6 10. Qe3+ Be7 11. Nh4 Bg6 12. f4 Be4 13. Nc3 0-0-0 14. Bxe4 Nxe4 15. Nf5 Bf6 16. Nxe4 dxe4 17. Qa3 Kb8 18. Be3 Qb5 19. d5 Nb6 20. dxc6 Bxb2 21. Qe7 Nd5 22. c7+ Nxc7 23. Rab1 Nd5 24. Qc5 Qxc5 25. Bxc5 Bf6 26. Nd6 Rd7 27. Nxe4 Re8 28. Nxf6 Nxf6 29. Rb2 Ne4 30. Bf2 Rd2 31. Rfb1 Rxb2 32. Rxb2 Nxf2 33. Kxf2 Kc7 34. Kf3 Re7 35. g4 Kc6 36. e4 Rd7 37. Rc2+ Kd6 38. e5+ Ke7 39. Ke4 Rd1 40. f5 h6 41. Rc7+ Rd7 42. Rc8 Rd8 43. Rc2 Rd1 44. h4 Rd7 45. g5 hxg5 46. hxg5 Rd8 47. f6+ gxf6 48. exf6+ Kd6 49. Kf5 Re8 50. Rd2+ Kc6 51. g6 fxg6+ 52. Kg5 Re1 53. Rf2 Re8 54. f7 Rf8 55. Kxg6 b5 56. Rf6+ 1-0

[Event "Heusenstamm Sparkassen op-A 6th"]
[Site "Heusenstamm"]
[Date "2019.11.23"]
[Round "4"]
[White "Waffenschmidt, Joachim"]
[Black "Gutman, Lev"]
[Result "0-1"]
[WhiteElo "2042"]
[BlackElo "2407"]
[PlyCount "110"]
[EventDate "2019.11.21"]
[EventType "swiss"]
[EventRounds "7"]
[EventCountry "GER"]
[SourceTitle "CBM 194 Extra"]
[Source "ChessBase"]
[SourceDate "2020.03.31"]
[SourceVersion "1"]
[SourceVersionDate "2020.03.31"]
[SourceQuality "1"]

1. d4 c5 2. d5 g6 3. c4 Bg7 4. Nc3 Bxc3+ 5. bxc3 d6 6. e4 Nd7 7. Bd3 Ngf6 8. Ne2 0-0 9. 0-0 Re8 10. f4 e6 11. h3 exd5 12. exd5 Ne4 13. Bxe4 Rxe4 14. Qd3 f5 15. Ng3 Re8 16. Bd2 Nf6 17. Rfe1 Bd7 18. Rxe8+ Qxe8 19. Re1 Qf7 20. Nh1 Re8 21. Nf2 a6 22. Rb1 b5 23. cxb5 axb5 24. c4 bxc4 25. Qxc4 Qxd5 26. Qxd5+ Nxd5 27. Rb7 Bc6 28. Ra7 Re2 29. Ra6 Be8 30. Ba5 Re6 31. g3 Kf7 32. Nd1 Ke7 33. Ra7+ Bd7 34. Kf2 Re4 35. Nc3 Nxc3 36. Bxc3 Ke6 37. Ra6 Ke7 38. Ra7 Rc4 39. Bg7 Ke6 40. Ke3 Re4+ 41. Kf2 Ra4 42. Rxa4 Bxa4 43. Bf8 Kd5 44. Ke3 Kc6 45. g4 d5 46. Bg7 d4+ 47. Kd2 Kd5 48. gxf5 gxf5 49. h4 h6 50. Bf8 c4 51. Bb4 c3+ 52. Kd3 Bb5+ 53. Kc2 Kc4 54. Ba5 d3+ 55. Kc1 d2+ 0-1

[Event "Wiesbaden op 31st"]
[Site "Wiesbaden"]
[Date "2019.08.25"]
[Round "6"]
[White "Inkiov, Ventzislav"]
[Black "Gutman, Lev"]
[Result "1/2-1/2"]
[WhiteElo "2418"]
[BlackElo "2412"]
[PlyCount "45"]
[EventDate "2019.08.22"]
[EventType "swiss"]
[EventRounds "7"]
[EventCountry "GER"]
[SourceTitle "EXT 2020"]
[Source "ChessBase"]
[SourceDate "2019.10.17"]
[SourceVersion "1"]
[SourceVersionDate "2019.10.17"]
[SourceQuality "1"]

1. d4 Nf6 2. c4 g6 3. Nc3 Bg7 4. Nf3 0-0 5. Bg5 c6 6. e3 Qb6 7. a3 d6 8. Be2 Bf5 9. b4 a5 10. c5 Qc7 11. 0-0 Nbd7 12. Nd2 axb4 13. axb4 dxc5 14. bxc5 e5 15. Nc4 Rxa1 16. Qxa1 exd4 17. exd4 Nd5 18. Nxd5 cxd5 19. Ne3 Be6 20. Be7 Re8 21. Bd6 Qd8 22. Bb5 Bf8 23. Bg3 1/2-1/2

[Event "BL2-Nord 1819"]
[Site "Germany"]
[Date "2019.03.24"]
[Round "10.8"]
[White "Gutman, Lev"]
[Black "De Wiljes, Jan Hendrik"]
[Result "1-0"]
[WhiteElo "2403"]
[BlackElo "2333"]
[PlyCount "31"]
[EventDate "2018.11.10"]
[EventType "team-tourn"]
[EventRounds "10"]
[EventCountry "GER"]
[SourceTitle "CBM 190 Extra"]
[Source "ChessBase"]
[SourceDate "2019.07.15"]
[SourceVersion "1"]
[SourceVersionDate "2019.07.15"]
[SourceQuality "1"]
[WhiteTeam "Lingen"]
[BlackTeam "Berlin SF II"]
[WhiteTeamCountry "GER"]
[BlackTeamCountry "GER"]

1. Nf3 d5 2. g3 g6 3. Bg2 Bg7 4. d4 Nf6 5. 0-0 0-0 6. Bf4 c6 7. Qc1 Re8 8. c4 Bf5 9. Na3 Be4 10. cxd5 Nxd5 11. Bh6 Bh8 12. Rd1 Qc8 13. Nc4 Nf6 14. Nce5 Nbd7 15. Bh3 Bd5 16. Ng5 1-0

[Event "GER CupT 1819 prel4"]
[Site "Knuellwald"]
[Date "2019.01.27"]
[Round "2.3"]
[White "Mueller, Thorsten"]
[Black "Gutman, Lev"]
[Result "1/2-1/2"]
[WhiteElo "2078"]
[BlackElo "2416"]
[PlyCount "41"]
[EventDate "2019.01.26"]
[EventType "team-k.o."]
[EventRounds "2"]
[EventCountry "GER"]
[SourceTitle "EXT 2021"]
[Source "ChessBase"]
[SourceDate "2020.10.23"]
[SourceVersion "1"]
[SourceVersionDate "2020.10.23"]
[SourceQuality "1"]
[WhiteTeam "DBSB"]
[BlackTeam "Lingen"]
[WhiteTeamCountry "GER"]
[BlackTeamCountry "GER"]

1. d4 Nf6 2. Nf3 g6 3. Bf4 Bg7 4. e3 0-0 5. Be2 c5 6. c3 Qb6 7. Qb3 d6 8. Nbd2 Nh5 9. Bg5 Qc7 10. 0-0 b6 11. a4 Nc6 12. d5 Na5 13. Qc2 h6 14. Bh4 e6 15. dxe6 Bxe6 16. Ne1 Nf6 17. Bg3 Qe7 18. Bf3 d5 19. Nd3 Bf5 20. c4 Nc6 21. Qb3 1/2-1/2

[Event "Paderborn op 15th"]
[Site "Paderborn"]
[Date "2018.12.27"]
[Round "1"]
[White "Gutman, Lev"]
[Black "Ollech, Dirk"]
[Result "1-0"]
[WhiteElo "2422"]
[BlackElo "1984"]
[PlyCount "97"]
[EventDate "2018.12.27"]
[EventType "swiss"]
[EventRounds "7"]
[EventCountry "GER"]
[SourceTitle "CBM 188 Extra"]
[Source "ChessBase"]
[SourceDate "2019.02.26"]
[SourceVersion "1"]
[SourceVersionDate "2019.02.26"]
[SourceQuality "1"]

1. Nf3 Nf6 2. g3 c5 3. Bg2 Nc6 4. d4 cxd4 5. Nxd4 g6 6. 0-0 Bg7 7. c4 Nxd4 8. Qxd4 0-0 9. Nc3 d6 10. Qd3 Ng4 11. b3 Ne5 12. Qd2 Rb8 13. Bb2 a6 14. Rfd1 Be6 15. Ne4 Qc7 16. Rac1 b6 17. f4 Nd7 18. Bxg7 Kxg7 19. h3 Nc5 20. Nf2 a5 21. g4 f5 22. g5 b5 23. Bd5 Bxd5 24. Qd4+ Kg8 25. Qxd5+ Kg7 26. Nd3 Nxd3 27. Rxd3 Qb6+ 28. Kg2 Rfc8 29. Rdc3 b4 30. Rd3 Qb7 31. Kf2 Rc5 32. Qe6 Rbc8 33. h4 R8c7 34. h5 Qe4 35. h6+ Kf8 36. Qxe4 fxe4 37. Rd4 d5 38. Rcd1 dxc4 39. Rd8+ Kf7 40. Rh8 cxb3 41. axb3 e5 42. Rd6 exf4 43. Rf6+ Ke7 44. Rxh7+ Ke8 45. Rh8+ Ke7 46. Rxg6 a4 47. bxa4 Rc3 48. h7 Kf7 49. Rhg8 1-0

[Event "Wiesbaden op 30th"]
[Site "Wiesbaden"]
[Date "2018.08.26"]
[Round "7"]
[White "Khenkin, Igor"]
[Black "Gutman, Lev"]
[Result "1-0"]
[WhiteElo "2558"]
[BlackElo "2442"]
[PlyCount "117"]
[EventDate "2018.08.23"]
[EventType "swiss"]
[EventRounds "7"]
[EventCountry "GER"]
[SourceTitle "CBM 186 Extra"]
[Source "ChessBase"]
[SourceDate "2018.08.24"]
[SourceVersion "1"]
[SourceVersionDate "2018.08.24"]
[SourceQuality "1"]

1. Nf3 Nf6 2. c4 g6 3. Nc3 Bg7 4. e4 d6 5. d4 0-0 6. Be2 Bg4 7. Be3 Nfd7 8. Rc1 a6 9. 0-0 c5 10. d5 Bxf3 11. gxf3 Nf6 12. f4 Qc8 13. Kh1 Kh8 14. Rg1 Ne8 15. a4 Nd7 16. Rg3 Rg8 17. Qd2 e6 18. dxe6 fxe6 19. Rd1 Nf8 20. Bg4 Qc6 21. Bf3 Qb6 22. e5 dxe5 23. fxe5 Bxe5 24. Rg5 Bd4 25. a5 Qc7 26. Bxd4+ cxd4 27. Qxd4+ Rg7 28. Na4 Nd7 29. Nb6 Nxb6 30. axb6 Qf7 31. Kg2 h6 32. Re5 Kh7 33. Bg4 Nf6 34. Bxe6 Qf8 35. Qd6 Nh5 36. Qxf8 Rxf8 37. Kf1 Nf4 38. Bg4 h5 39. Bf3 Rf6 40. c5 Nh3 41. Re3 Rgf7 42. Rdd3 Kh6 43. c6 bxc6 44. Rb3 Ng5 45. Be2 Rb7 46. Bxa6 Rb8 47. b7 Ne6 48. Rec3 Nc7 49. Bc4 Kg7 50. Rd3 Nd5 51. Bxd5 cxd5 52. Rxd5 Rf7 53. Rdb5 Re7 54. Rb6 Re5 55. h4 Re7 56. Kg2 Kh7 57. Kg3 Rf7 58. R3b5 Kg7 59. f3 1-0

[Event "Wiesbaden op 30th"]
[Site "Wiesbaden"]
[Date "2018.08.25"]
[Round "4"]
[White "Gutman, Lev"]
[Black "Scheitz, Michael"]
[Result "1-0"]
[WhiteElo "2442"]
[BlackElo "2092"]
[PlyCount "83"]
[EventDate "2018.08.23"]
[EventType "swiss"]
[EventRounds "7"]
[EventCountry "GER"]
[SourceTitle "CBM 186 Extra"]
[Source "ChessBase"]
[SourceDate "2018.08.24"]
[SourceVersion "1"]
[SourceVersionDate "2018.08.24"]
[SourceQuality "1"]

1. Nf3 d5 2. g3 g6 3. Bg2 Bg7 4. d4 Nf6 5. 0-0 c6 6. c4 0-0 7. Qb3 Qb6 8. Nc3 Bf5 9. cxd5 Qxb3 10. axb3 Nxd5 11. Ne5 Nb4 12. e4 Be6 13. d5 Bxd5 14. Nxg6 hxg6 15. exd5 cxd5 16. Nxd5 Nxd5 17. Bxd5 Nc6 18. Re1 e6 19. Be4 Bf6 20. h4 Rfd8 21. Kg2 Rd7 22. Ra4 Rad8 23. Be3 Bxb2 24. h5 gxh5 25. Rh1 Bd4 26. Bg5 f6 27. Bxc6 bxc6 28. Rxd4 Rxd4 29. Bxf6 R8d5 30. Bxd4 Rxd4 31. Rxh5 Rb4 32. Ra5 Rb7 33. Ra6 Rc7 34. Kf3 Kf7 35. Ke4 Kf6 36. Kd4 Kf5 37. Kc5 Rb7 38. b4 e5 39. Rxc6 Rd7 40. Rc8 Rf7 41. Re8 Rb7 42. b5 1-0

[Event "Wiesbaden op 30th"]
[Site "Wiesbaden"]
[Date "2018.08.24"]
[Round "3"]
[White "Ruppert, Wolfgang"]
[Black "Gutman, Lev"]
[Result "1/2-1/2"]
[WhiteElo "2140"]
[BlackElo "2442"]
[PlyCount "50"]
[EventDate "2018.08.23"]
[EventType "swiss"]
[EventRounds "7"]
[EventCountry "GER"]
[SourceTitle "CBM 186 Extra"]
[Source "ChessBase"]
[SourceDate "2018.08.24"]
[SourceVersion "1"]
[SourceVersionDate "2018.08.24"]
[SourceQuality "1"]

1. e4 c5 2. Nf3 d6 3. Bb5+ Nc6 4. Bxc6+ bxc6 5. 0-0 e5 6. c3 g5 7. d3 g4 8. Ne1 Ne7 9. f4 exf4 10. Bxf4 Ng6 11. Be3 Bg7 12. Nd2 0-0 13. g3 Rb8 14. Rb1 Be6 15. Qa4 Qc8 16. Ng2 Rb6 17. Nf4 Qa6 18. Qxa6 Rxa6 19. Nxe6 fxe6 20. Rxf8+ Bxf8 21. a3 d5 22. Kf1 Rb6 23. Ke2 h5 24. Kd1 e5 25. Kc2 Be7 1/2-1/2

[Event "Hamburg CC Easter op 4th"]
[Site "Hamburg"]
[Date "2018.04.01"]
[Round "5"]
[White "Genov, Petar"]
[Black "Gutman, Lev"]
[Result "1/2-1/2"]
[WhiteElo "2435"]
[BlackElo "2410"]
[PlyCount "28"]
[EventDate "2018.03.30"]
[EventType "swiss"]
[EventRounds "7"]
[EventCountry "GER"]
[SourceTitle "CBM 183 Extra"]
[Source "ChessBase"]
[SourceDate "2018.04.19"]
[SourceVersion "1"]
[SourceVersionDate "2018.04.19"]
[SourceQuality "1"]

1. Nf3 Nf6 2. c4 g6 3. b3 Bg7 4. Bb2 0-0 5. g3 c6 6. Bg2 d5 7. 0-0 Bg4 8. d3 Nbd7 9. Nbd2 Re8 10. h3 Bxf3 11. Bxf3 e5 12. cxd5 cxd5 13. Bg2 a5 14. Rc1 a4 1/2-1/2

[Event "Hamburg CC Easter op 4th"]
[Site "Hamburg"]
[Date "2018.03.31"]
[Round "4"]
[White "Gutman, Lev"]
[Black "Nedic, Dusan"]
[Result "1/2-1/2"]
[WhiteElo "2410"]
[BlackElo "2333"]
[PlyCount "82"]
[EventDate "2018.03.30"]
[EventType "swiss"]
[EventRounds "7"]
[EventCountry "GER"]
[SourceTitle "CBM 183 Extra"]
[Source "ChessBase"]
[SourceDate "2018.04.19"]
[SourceVersion "1"]
[SourceVersionDate "2018.04.19"]
[SourceQuality "1"]

1. Nf3 Nf6 2. g3 d5 3. Bg2 Bg4 4. 0-0 Nbd7 5. d4 e6 6. c4 c6 7. Qb3 Qb6 8. Nc3 Be7 9. Rd1 0-0 10. Ne1 Qa6 11. cxd5 exd5 12. f3 Be6 13. Be3 Rac8 14. a4 Qb6 15. Qxb6 Nxb6 16. Nd3 Nc4 17. Bf2 b6 18. b3 Na5 19. b4 Nc4 20. h3 Rfd8 21. e4 a5 22. b5 c5 23. Nxd5 Bxd5 24. exd5 cxd4 25. Bxd4 Rxd5 26. Bf2 Rcd8 27. Re1 Rxd3 28. Rxe7 Nd5 29. Ree1 Nce3 30. Rac1 g5 31. Rc6 f5 32. Bf1 Nxf1 33. Rxf1 f4 34. gxf4 Nxf4 35. Bxb6 Re8 36. Bc7 Re2 37. Bxf4 gxf4 38. Rf2 Rd1+ 39. Kg2 Ree1 40. Rfc2 Rg1+ 41. Kf2 Rgf1+ 1/2-1/2

[Event "Hamburg CC Easter op 4th"]
[Site "Hamburg"]
[Date "2018.03.31"]
[Round "3"]
[White "Kuberczyk, Christoph"]
[Black "Gutman, Lev"]
[Result "0-1"]
[WhiteElo "2223"]
[BlackElo "2410"]
[PlyCount "68"]
[EventDate "2018.03.30"]
[EventType "swiss"]
[EventRounds "7"]
[EventCountry "GER"]
[SourceTitle "CBM 183 Extra"]
[Source "ChessBase"]
[SourceDate "2018.04.19"]
[SourceVersion "1"]
[SourceVersionDate "2018.04.19"]
[SourceQuality "1"]

1. d4 Nf6 2. c4 g6 3. Nc3 d5 4. cxd5 Nxd5 5. e4 Nxc3 6. bxc3 Bg7 7. Nf3 c5 8. Rb1 a6 9. Be2 Qa5 10. 0-0 Qxa2 11. Bg5 Qa5 12. d5 Nd7 13. c4 Qc7 14. Qd2 Ne5 15. Nxe5 Qxe5 16. Bd3 0-0 17. Rb3 Qc7 18. Bh6 Rb8 19. Bxg7 Kxg7 20. f4 Bd7 21. e5 b5 22. d6 exd6 23. f5 f6 24. exf6+ Rxf6 25. fxg6 Rxf1+ 26. Bxf1 hxg6 27. Qb2+ Kg8 28. Qf6 Bf5 29. g4 Rf8 30. Qg5 Be4 31. Bg2 Qf7 32. Bf3 Qxc4 33. Re3 Qc1+ 34. Kg2 Rxf3 0-1

[Event "Oberliga Nord W 1718"]
[Site "Germany"]
[Date "2018.01.21"]
[Round "5.4"]
[White "Gutman, Lev"]
[Black "Renner, Kai"]
[Result "1-0"]
[WhiteElo "2410"]
[BlackElo "2151"]
[PlyCount "47"]
[EventDate "2017.10.08"]
[EventType "team-tourn"]
[EventRounds "9"]
[EventCountry "GER"]
[SourceTitle "EXT 2019"]
[Source "ChessBase"]
[SourceDate "2018.10.10"]
[SourceVersion "1"]
[SourceVersionDate "2018.10.10"]
[SourceQuality "1"]
[WhiteTeam "Lingen"]
[BlackTeam "Hameln"]
[WhiteTeamCountry "GER"]
[BlackTeamCountry "GER"]

1. Nf3 f5 2. g3 Nf6 3. Bg2 g6 4. c3 Bg7 5. Qb3 Nc6 6. d4 e6 7. 0-0 0-0 8. Bg5 h6 9. Bxf6 Qxf6 10. Nbd2 d6 11. e4 Kh8 12. d5 Nd8 13. exf5 gxf5 14. dxe6 Bxe6 15. Qc2 Bd5 16. Nd4 Bxg2 17. Kxg2 Nc6 18. Nxc6 bxc6 19. Nf3 f4 20. Nh4 Kg8 21. Rae1 Rae8 22. Re4 fxg3 23. hxg3 Rb8 24. Rfe1 1-0

[Event "Paderborn op 14th"]
[Site "Paderborn"]
[Date "2017.12.28"]
[Round "4"]
[White "Kemper, Meinolf"]
[Black "Gutman, Lev"]
[Result "0-1"]
[WhiteElo "2118"]
[BlackElo "2398"]
[PlyCount "70"]
[EventDate "2017.12.27"]
[EventType "swiss"]
[EventRounds "7"]
[EventCountry "GER"]
[SourceTitle "CBM 182 Extra"]
[Source "ChessBase"]
[SourceDate "2018.02.23"]
[SourceVersion "1"]
[SourceVersionDate "2018.02.23"]
[SourceQuality "1"]

1. e4 c5 2. Nf3 d6 3. d4 cxd4 4. Nxd4 Nf6 5. Nc3 a6 6. Be3 e5 7. Nf3 Be7 8. Bc4 0-0 9. a4 Be6 10. Qe2 Bxc4 11. Qxc4 b5 12. Qd3 b4 13. Nd5 Nxd5 14. Qxd5 Nd7 15. 0-0 Qc7 16. Rac1 Nf6 17. Qd3 d5 18. Nd2 Rfd8 19. Bg5 dxe4 20. Qe2 Nd5 21. Bxe7 Qxe7 22. Qxe4 Rac8 23. Rfe1 f6 24. Nf1 Qc5 25. g3 Nb6 26. b3 Nd5 27. h4 a5 28. h5 h6 29. Nd2 Nc3 30. Qc4+ Kf8 31. Qxc5+ Rxc5 32. Nc4 e4 33. g4 f5 34. f3 exf3 35. Re6 Ne2+ 0-1

[Event "Heusenstamm Sparkassen op-A 4th"]
[Site "Heusenstamm"]
[Date "2017.11.26"]
[Round "6"]
[White "Kersten, Uwe"]
[Black "Gutman, Lev"]
[Result "1/2-1/2"]
[WhiteElo "2234"]
[BlackElo "2410"]
[PlyCount "101"]
[EventDate "2017.11.23"]
[EventType "swiss"]
[EventRounds "7"]
[EventCountry "GER"]
[SourceTitle "EXT 2019"]
[Source "ChessBase"]
[SourceDate "2018.10.10"]
[SourceVersion "1"]
[SourceVersionDate "2018.10.10"]
[SourceQuality "1"]

1. e4 c5 2. Nf3 Nc6 3. Bb5 g6 4. 0-0 Bg7 5. c3 Qb6 6. Na3 Nf6 7. Re1 0-0 8. h3 d5 9. e5 Ne8 10. Bf1 Nc7 11. Nc2 d4 12. c4 Ne6 13. d3 Qc7 14. Qe2 Bd7 15. Rb1 a5 16. b3 Nb4 17. Nxb4 axb4 18. g3 b5 19. cxb5 Bxb5 20. Ng5 Ra6 21. Bg2 Nxg5 22. Bxg5 Re6 23. Bf4 Bc6 24. Bxc6 Qxc6 25. Rbc1 Ra8 26. Rc2 Ra5 27. Qe4 Qd7 28. g4 f6 29. Ree2 fxe5 30. Bd2 Rea6 31. a4 h5 32. Re1 hxg4 33. hxg4 Qe6 34. Rc4 Rd6 35. Rec1 Rd5 36. Kg2 Qd6 37. Rh1 Ra8 38. Rh3 Rf8 39. Bg5 Qe6 40. Rc1 Rf7 41. Rf3 Rd8 42. Rxf7 Kxf7 43. Rc4 Qb6 44. Qf3+ Ke8 45. Bd2 Rd6 46. Qa8+ Kf7 47. f3 Rd8 48. Qe4 Rd7 49. Qa8 Rd8 50. Qe4 Rd7 51. Qa8 1/2-1/2

[Event "Heusenstamm Sparkassen op-A 4th"]
[Site "Heusenstamm"]
[Date "2017.11.25"]
[Round "4"]
[White "Koellner, Christof"]
[Black "Gutman, Lev"]
[Result "0-1"]
[WhiteElo "2099"]
[BlackElo "2410"]
[PlyCount "71"]
[EventDate "2017.11.23"]
[EventType "swiss"]
[EventRounds "7"]
[EventCountry "GER"]
[SourceTitle "EXT 2019"]
[Source "ChessBase"]
[SourceDate "2018.10.10"]
[SourceVersion "1"]
[SourceVersionDate "2018.10.10"]
[SourceQuality "1"]

1. d4 Nf6 2. Nf3 g6 3. Nbd2 Bg7 4. e4 0-0 5. Bc4 c5 6. dxc5 Qc7 7. 0-0 Qxc5 8. Qe2 d6 9. c3 Qc7 10. Re1 Nc6 11. a3 a6 12. a4 Bd7 13. Nb3 Rac8 14. Bd3 e5 15. Bg5 Be6 16. Nbd2 Nh5 17. Qe3 f5 18. exf5 gxf5 19. Nd4 Nxd4 20. cxd4 e4 21. Nxe4 fxe4 22. Qxe4 Bf5 23. Qh4 Bxd3 24. Re7 Qb6 25. Qxh5 Rc7 26. Rxc7 Qxc7 27. Rc1 Qf7 28. Qh4 Qg6 29. Rc7 Be4 30. Re7 Bd5 31. Qg4 h5 32. Qh4 Bf6 33. Re3 Bxg5 34. Rg3 Bxh4 35. Rxg6+ Kh7 36. Rxd6 0-1